Job/Careers - Statistics

General Stats
  • This quiz has been taken 61 times
  • The average score is 20 of 107
Answer Stats
Answer % Correct
Doctor
91%
Teacher
91%
Nurse
76%
Lawyer
74%
Firefighter
65%
Police Officer
65%
Actor
62%
Artist
62%
Waiter/Waitress
62%
Cook
59%
Dentist
53%
Baker
50%
Farmer
50%
Pilot
50%
Dancer
47%
Plumber
47%
Taxi Driver
41%
Bus Driver
38%
Judge
38%
Professor
38%
Author
32%
Electrician
32%
Barber
29%
Builder
29%
Paramedic
29%
Psychologist
29%
Model
26%
Photographer
26%
President
26%
Therapist
26%
Janitor
24%
Pharmacist
24%
Babysitter
21%
Construction Worker
21%
Detective
21%
Mayor
21%
Veterinarian
21%
Zoo Keeper
21%
Gardener
18%
Lifeguard
18%
Maid
18%
Principal
18%
Salesperson
18%
Truck Driver
18%
Designer
15%
Librarian
15%
Security Guard
15%
Army
12%
Counselor
12%
DJ
12%
Journalist
12%
Orthodontist
12%
Social Worker
12%
Air Force
9%
Criminal
9%
Delivery Driver
9%
Fashion Designer
9%
Flight Attendant
9%
Illustrator
9%
Magician
9%
Make-Up Artist
9%
Train Driver
9%
Dog Groomer
6%
Dog Trainer
6%
Driving Instructor
6%
Governor
6%
Gym Teacher
6%
Math Teacher
6%
Music Teacher
6%
Pop Star
6%
Sports Coach
6%
Translator
6%
Broadcaster
3%
Camp Counselor
3%
Economist
3%
English Teacher
3%
Game Designer
3%
Geologist
3%
Interior Designer
3%
Landscaper
3%
Navy
3%
Science Teacher
3%
Social Studies Teacher
3%
Spanish Teacher
3%
Vice President
3%
Bar Tendant
0%
Bioligist
0%
Blucher
0%
Book Shelver
0%
Car Manufacturerr
0%
Childcare Assistant
0%
Dance Teacher
0%
Film Director
0%
Fitness Instructor
0%
Graphic Designer
0%
Marketing Manager
0%
Metrologist
0%
Microbiologist
0%
Office Manager
0%
Personal Assistant
0%
Petsitter
0%
Physiologist
0%
Professional Athlete
0%
Roofer
0%
Speech Therapist
0%
Vice Principal
0%
Web Designer
0%
No matching quizzes found
Score Distribution
Percent of People with Each Score
Percentile by Number Answered
Your Score History
You have not taken this quiz